Smallest countries by population density A-Z - Statistics

General Stats
  • This quiz has been taken 37 times
  • The average score is 19 of 24
Answer Stats
Hint Answer % Correct
O Oman
94%
R Russia
94%
Y Yemen
94%
Q Qatar
91%
Z Zambia
91%
K Kazakhstan
85%
M Mongolia
85%
V Vanuatu
85%
J Jordan
82%
A Australia
79%
U Uruguay
79%
C Canada
76%
F Finland
76%
I Iceland
76%
D Denmark
74%
L Libya
74%
T Turkmenistan
74%
G Guyana
71%
H Honduras
71%
P Paraguay
71%
N Namibia
68%
S Suriname
68%
E Estonia
65%
B Botswana
62%
No matching quizzes found
Score Distribution
Percent of People with Each Score
Percentile by Number Answered
Your Score History
You have not taken this quiz